Normal view
MARC view
- Leony Fernandez-Elias and John Villamil
Entry Personal Name
001 - CONTROL NUMBER
- control field: 101379
003 - CONTROL NUMBER IDENTIFIER
- control field: NUST
005 - DATE AND TIME OF LATEST TRANSACTION
- control field: 20221025155802.0
008 - FIXED-LENGTH DATA ELEMENTS
- fixed length control field: 221025|| aca||aabn | a|a d
040 ## - CATALOGING SOURCE
- Original cataloging agency: NUST
- Transcribing agency: NUST
100 ## - HEADING--PERSONAL NAME
- Personal name: Leony Fernandez-Elias and John Villamil
670 ## - SOURCE DATA FOUND
- Source citation: Work cat.: (NUST)179752: Villamil,John 101378, Multimedia graphics (Include CD) /, c1997
